Whose choice?: young people, career choices and reflesivity re-examined /
Shranjeno v:
| Glavni avtor: | |
|---|---|
| Drugi avtorji: | , |
| Format: | Knjiga |
| Jezik: | English |
| Oznake: |
Označite
Brez oznak, prvi označite!
|
MARC
| LEADER | 00000nam a22000007a 4500 | ||
|---|---|---|---|
| 003 | cru CIDCACS/IIS | ||
| 005 | 20171201062529.0 | ||
| 008 | 171130s2015 -uk|||p|r||||||0| | eng d | ||
| 999 | |c 40681 |d 40681 | ||
| 040 | |c cru CIDCACS/IIS | ||
| 100 | 1 | |9 6164 |a Laughland-Booÿ, Jacqueline | |
| 245 | 1 | |a Whose choice?: |b young people, career choices and reflesivity re-examined / |c Jacqueline Laughland-Booÿ, Margery Mayall, Zlatko Skrbis | |
| 300 | |a páginas 586-603 | ||
| 700 | 1 | |9 6165 |a Mayall, Margery | |
| 700 | 1 | |9 6166 |a Skrbis, Zlatko | |
| 773 | 0 | |0 18701 |9 1659 |d Los Angeles: SAGE Publications |o 18366 |t Current Sociology / |x 00113921 | |
| 942 | |2 ddc |c PP | ||
